50 años ITESO : vídeos inauguración y clausura /

Guardado en:
Detalles Bibliográficos
Autor corporativo: ITESO. Comisión de 50 años del ITESO
Formato: Libro
Idioma:Español
Publicado: Guadalajara, México : ITESO, Oficina de Comunicación Social, 2008
Etiquetas: Agrega una etiqueta
Sin etiquetas, Sé el primero en etiquetar este registro!

MARC

LEADER 00000nam^a2200000^a^4500
001 000614439
005 20250521000000.0
009 20260310133642.168
037 |a Acervo ITESO - Biblioteca 
041 |a ESP 
091 |a FCR. 02601 
110 |a ITESO.  |b Comisión de 50 años del ITESO 
245 1 0 |a 50 años ITESO :  |b vídeos inauguración y clausura / 
264 1 |a Guadalajara, México :  |b ITESO, Oficina de Comunicación Social,  |c 2008 
300 |a 1 DVD sin dato de región 
336 |a texto  |b txt  |2 rdacontenido 
337 |a sin mediación  |b n  |2 rdamedio 
338 |a volumen  |b nc  |2 rdasoporte 
649 |a XX 
910 |a Fondo Cristina Romo Gil 
920 |a Audiovisuales - DVDs 
930 |a Fondos Especiales 
940 |a Películas 
905 |a 143 
901 |a 614759-10  |b IT2  |c ESP  |i D121530  |u 20250521 
902 |a https://opac.biblio.iteso.mx/vufind/Record/000614439